| 000 | 01579cam a22004574i 4500 | ||
|---|---|---|---|
| 003 | PE-LiUPU | ||
| 005 | 20250731173440.0 | ||
| 008 | 150616s r 000 0 d | ||
| 020 | _a8422006642 | ||
| 035 | _a(Sirsi) i9788422006640 | ||
| 040 |
_aPE-LiUPU _bspa _cPE-LiUPU _erda |
||
| 049 | _aPRUA | ||
| 082 | 0 | 4 |
_a248.8942 _bC71P _221 |
| 100 | 1 |
_aColombás, García M., _eautor. |
|
| 245 | 1 | 3 | _aEl Monacato Primitivo I.I. |
| 264 | 1 |
_aMadrid : _bLa Editorial Católica, _c1974. |
|
| 300 |
_a376 páginas ; _c19 centímetros |
||
| 336 |
_atext _2rdacontent |
||
| 337 |
_aunmediated _2rdamedia |
||
| 338 |
_avolume _2rdacarrier |
||
| 505 | 0 | _aLos orígenes del monacato cristiano.- El monacato egipcio I.- El monacato siríaco.- Los monjes en Palestina, Sinaí, Persia, Armenia y Georgia. | |
| 526 | _aSEG42 | ||
| 526 | _aSEG41 | ||
| 526 | _aSEG40 | ||
| 526 | _aSEG39 | ||
| 526 | _aP94 | ||
| 526 | _aP87 | ||
| 526 | _aP86 | ||
| 526 | _aP85 | ||
| 526 | _aP77 | ||
| 526 | _aP76 | ||
| 526 | _aP35 | ||
| 650 | 0 | 4 | _aORDENES RELIGIOSAS - IGLESIA CATOLICA - HISTORIA. |
| 910 |
_ajck _bjvq _cjck |
||
| 942 |
_2ddc _cBOOK |
||
| 949 |
_a248.8942 C71P I _wDEWEY _c1 _i39404 _lCCODEBUL1 _mBUL _r0 _sY _tBOOK _u2015-6-16 _xTEOLOGIA _zUNKNOWN _0COMPRA _o.STAFF. Colección General |
||
| 994 |
_aC0 _bPEPRU |
||
| 596 | _a1 | ||
| 999 |
_a248.8942 C71P I _wDEWEY _c56704 _i39404 _f2021-11-12 _g5 _lCCODEBUL1 _mBUL _r0 _sY _tBOOK _u2015-6-16 _xTEOLOGIA _zUNKNOWN _0COMPRA _o.STAFF. Colección General _d56704 |
||
| 980 |
_81 _gALBERTO SANCHEZ Responsable de Automatización |
||